[Event "Rewal 2011 - Open B"]
[Site "Rewal"]
[Date "2011.08.22"]
[Round "3.38"]
[White "Trepkowski, Piotr"]
[Black "Klementowski, Dawid"]
[Result "1-0"]
[WhiteElo "1838"]
[BlackElo "1623"]
[EventDate "2011.??.??"]
[PlyCount "145"]

1.e4 c5 2.d4 cxd4 3.c3 d5 4.exd5 Qxd5 5.cxd4 Nc6 6.Nf3 e5 7.Nc3 Bb4 8.Bd2 
Bxc3 9.bxc3 Bg4 10.Be2 exd4 11.cxd4 Nf6 12.O-O O-O 13.Be3 Rad8 14.Qa4 Ne4 
15.Rac1 a6 16.h3 Bh5 17.Rfe1 Rfe8 18.Rc2 h6 19.Rec1 Qf5 20.Rb2 Re7 21.Qa3 
Qf6 22.Rb6 Red7 23.g4 Bg6 24.Ne5 Rd6 25.Nxg6 Qxg6 26.Rxb7 Nxd4 27.Bxd4 
Rxd4 28.Rcc7 Nd6 29.Ra7 Qe4 30.Re7 Qb1+ 31.Kg2 Rd2 32.Qxa6 Qc2 33.a4 Nc8 
34.Rac7 Nxe7 35.Rxc2 Rxc2 36.a5 Ng6 37.Kg3 Rc3+ 38.f3 Rd2 39.Qa8+ Kh7 40.
Qe4 Rcc2 41.Bf1 Rc1 42.Qe3 Rdd1 43.Be2 Rg1+ 44.Kf2 Rh1 45.f4 Rh2+ 46.Kg3 
Rch1 47.Bf1 Ra2 48.Bd3 Rxa5 49.h4 Kg8 50.h5 Nf8 51.Bc4 Rha1 52.Qe7 R1a3+ 
53.Kf2 Ra2+ 54.Bxa2 Rxa2+ 55.Ke3 Rg2 56.g5 hxg5 57.fxg5 Rh2 58.g6 Rh3+ 59.
Kf2 fxg6 60.hxg6 Rh2+ 61.Kg3 Nxg6 62.Qe8+ Kh7 63.Kxh2 Nh8 64.Kg3 Ng6 65.
Kg4 Kh6 66.Qe6 Kh7 67.Kg5 Nf8 68.Qf7 Ne6+ 69.Qxe6 Kh8 70.Qf7 Kh7 71.Qc7 
Kg8 72.Kg6 Kf8 73.Qf7# 1-0

[Event "Rewal 2011 - Open B"]
[Site "Rewal"]
[Date "2011.08.22"]
[Round "3.39"]
[White "Majdan, Damian"]
[Black "Bilczewski, Kacper"]
[Result "1/2-1/2"]
[WhiteElo "1829"]
[BlackElo "1531"]
[EventDate "2011.??.??"]
[PlyCount "73"]

1.e4 e6 2.Nf3 d5 3.exd5 exd5 4.d4 Nf6 5.c4 c6 6.Nc3 Be7 7.cxd5 Nxd5 8.Bc4 
O-O 9.Nxd5 cxd5 10.Be2 Nc6 11.O-O Bf5 12.a3 Rc8 13.Be3 Bf6 14.Rc1 Bg6 15.
Bd3 Ne7 16.Bxg6 hxg6 17.Qd2 Nf5 18.Rxc8 Qxc8 19.Rc1 Qd7 20.Qc3 Nxe3 21.
Qxe3 Re8 22.Qc3 Qc6 23.Ne1 Qxc3 24.bxc3 Kf8 25.Kf1 Ke7 26.Ke2 Kd6+ 27.Kd3 
b5 28.Kd2 a5 29.Nd3 a4 30.f4 g5 31.g3 gxf4 32.Nxf4 Be7 33.Nd3 g5 34.Nb4 
Ke6 35.Kd3 Bd6 36.g4 Bxb4 37.cxb4 1/2-1/2

[Event "Rewal 2011 - Open B"]
[Site "Rewal"]
[Date "2011.08.22"]
[Round "3.40"]
[White "Panczuk, Joanna"]
[Black "Klimek, Marcin"]
[Result "1-0"]
[WhiteElo "1678"]
[BlackElo "1827"]
[EventDate "2011.??.??"]
[PlyCount "129"]

1.e4 e6 2.d4 d5 3.Nd2 a6 4.Ngf3 c5 5.exd5 exd5 6.c3 Nc6 7.Bd3 c4 8.Bc2 Bd6
9.O-O Nge7 10.Re1 f6 11.Nf1 O-O 12.Ng3 b5 13.a3 Qb6 14.Bd2 Bd7 15.Qb1 g6 
16.Bh6 Rfb8 17.Nh4 Be8 18.Re6 Bxg3 19.fxg3 Kf7 20.Qe1 Ng8 21.Bd2 Kg7 22.g4
Bf7 23.Re2 Re8 24.g5 Rxe2 25.Qxe2 f5 26.Bf4 Re8 27.Qf2 a5 28.Nf3 b4 29.Ba4
bxc3 30.bxc3 Re4 31.Bd6 Nxd4 32.Be5+ Rxe5 33.Nxe5 Ne2+ 34.Kf1 Qxf2+ 35.
Kxf2 Nxc3 36.Bc6 Ne7 37.Bb7 Ne4+ 38.Ke3 Nxg5 39.Nxf7 Kxf7 40.Kd4 Ne6+ 41.
Ke5 c3 42.Bxd5 Nxd5 43.Kxd5 Nf4+ 44.Kc4 c2 45.Kb3 Nxg2 46.Kxc2 Kf6 47.Rb1 
g5 48.Kd2 g4 49.Rb5 Nh4 50.Ke3 Kg5 51.Kf2 h5 52.Rxa5 Nf3 53.Kg2 h4 54.Rb5 
h3+ 55.Kg3 Nd2 56.Kf2 Kf4 57.a4 Ne4+ 58.Kg1 Nd2 59.a5 Ke4 60.a6 f4 61.a7 
f3 62.a8=Q+ Ke3 63.Qa7+ Ke2 64.Qf2+ Kd1 65.Rd5 1-0

[Event "Rewal 2011 - Open B"]
[Site "Rewal"]
[Date "2011.08.22"]
[Round "3.44"]
[White "Jagodzinski, Waldemar"]
[Black "Paterek, Bogumil"]
[Result "1-0"]
[WhiteElo "2029"]
[BlackElo "1654"]
[EventDate "2011.??.??"]
[PlyCount "81"]

1.d4 d5 2.c4 dxc4 3.e4 c6 4.Bxc4 Nf6 5.f3 e6 6.Ne2 b5 7.Bd3 Bb4+ 8.Nbc3 
Bb7 9.O-O Ba5 10.Bg5 h6 11.Bh4 g5 12.Bf2 Na6 13.Rc1 Qd7 14.Qb3 Nc7 15.e5 
Nfd5 16.Ne4 O-O-O 17.Nc5 Qe8 18.Nc3 Nf4 19.N3e4 Qe7 20.Nd6+ Rxd6 21.exd6 
Qxd6 22.Rc2 Nxd3 23.Qxd3 Ba8 24.a4 b4 25.Nb3 Bb6 26.a5 Nd5 27.axb6 axb6 
28.Bg3 Nf4 29.Qe3 Qd5 30.Re1 h5 31.Nd2 Qf5 32.Qe4 Qa5 33.Nc4 c5 34.Nxa5 
Bxe4 35.Rxe4 bxa5 36.Rxc5+ Kd7 37.Bxf4 f5 38.Ree5 Ra8 39.Re2 b3 40.Re1 a4 
41.Ra1 1-0

[Event "Rewal 2011 - Open B"]
[Site "Rewal"]
[Date "2011.08.22"]
[Round "3.45"]
[White "Smal, Tobiasz"]
[Black "Knap, Jerzy"]
[Result "1-0"]
[WhiteElo "1711"]
[BlackElo "1913"]
[EventDate "2011.??.??"]
[PlyCount "109"]

1.e4 c6 2.Nc3 d5 3.Nf3 dxe4 4.Nxe4 Nf6 5.Nxf6+ exf6 6.d4 Bd6 7.Bd3 O-O 8.
O-O Bg4 9.c4 Re8 10.Be3 Nd7 11.h3 Bh5 12.Be2 Nf8 13.Qb3 Qd7 14.Rfe1 Ne6 
15.Rad1 Nf4 16.Bxf4 Bxf4 17.d5 Qc7 18.Nd4 Bxe2 19.Nxe2 Be5 20.Nc3 Rad8 21.
Re3 Bxc3 22.Rxe8+ Rxe8 23.Qxc3 cxd5 24.cxd5 Qxc3 25.bxc3 Kf8 26.Kf1 Rc8 
27.d6 Rd8 28.f4 Ke8 29.Re1+ Kd7 30.Re7+ Kxd6 31.Rxb7 Rd7 32.Rxd7+ Kxd7 33.
Ke2 Kc6 34.Kd3 Kd5 35.c4+ Kc5 36.Kc3 f5 37.h4 f6 38.Kd3 g6 39.Kc3 h6 40.
Kd3 g5 41.g3 a5 42.a3 Kd6 43.Kd4 Kc6 44.a4 gxf4 45.gxf4 h5 46.c5 Kd7 47.
Kd5 Kc7 48.c6 Kc8 49.Kc5 Kc7 50.Kb5 Kc8 51.Kxa5 Kc7 52.Kb5 Kc8 53.Kb6 Kb8 
54.c7+ Kc8 55.a5 1-0

[Event "Rewal 2011 - Open B"]
[Site "Rewal"]
[Date "2011.08.22"]
[Round "3.46"]
[White "Przybylska, Agata"]
[Black "Cyra, Dariusz"]
[Result "0-1"]
[WhiteElo "1604"]
[BlackElo "1830"]
[EventDate "2011.??.??"]
[PlyCount "92"]

1.e4 e6 2.d4 d5 3.exd5 exd5 4.Bd3 Bd6 5.Ne2 Nc6 6.c3 Nge7 7.Qc2 Be6 8.Bf4 
Ng6 9.Bxd6 Qxd6 10.Nd2 O-O-O 11.O-O-O Rde8 12.Kb1 Kb8 13.b4 Re7 14.Nb3 
Rhe8 15.Rd2 Nh4 16.g3 Nf3 17.Rdd1 g5 18.b5 Nd8 19.Nd2 Bg4 20.h3 Nxd2+ 21.
Rxd2 Bf3 22.Rc1 Qf6 23.Ng1 Be4 24.Bxe4 Rxe4 25.f3 Re1 26.Qxh7 Qd6 27.Qc2 
Qxg3 28.Rg2 Rxc1+ 29.Kxc1 Qf4+ 30.Kb2 c6 31.bxc6 Nxc6 32.Rg4 Qe3 33.Qh2+ 
Ka8 34.Rg2 Rc8 35.Re2 Qd3 36.Rd2 Qc4 37.Qe2 Na5 38.Rc2 Qa4 39.Ka1 Re8 40.
Qf2 Nc4 41.h4 gxh4 42.Rc1 Qa3 43.Qc2 h3 44.Rb1 Qa5 45.Rc1 Re3 46.f4 Qa3 
0-1

[Event "Rewal 2011 - Open B"]
[Site "Rewal"]
[Date "2011.08.22"]
[Round "3.47"]
[White "Koziol, Kamil"]
[Black "Jasniewicz, Rafal"]
[Result "0-1"]
[WhiteElo "1773"]
[BlackElo "1605"]
[EventDate "2011.??.??"]
[PlyCount "114"]

1.d4 d5 2.c4 e6 3.Nc3 Nf6 4.Bg5 c6 5.e3 Nbd7 6.Nf3 Qa5 7.Qc2 Ne4 8.Bh4 Bb4
9.Rc1 Qxa2 10.Bd3 Nxc3 11.bxc3 Qxc2 12.Rxc2 Bd6 13.c5 Bc7 14.Bg3 Bxg3 15.
hxg3 b6 16.cxb6 axb6 17.Kd2 Ke7 18.Rb2 Ba6 19.Bxa6 Rxa6 20.Ng5 h6 21.g4 
Rha8 22.Nf3 Nf6 23.Ne5 b5 24.f3 Nd7 25.Nxd7 Kxd7 26.e4 Ra2 27.Kc2 f6 28.e5
fxe5 29.dxe5 c5 30.g5 hxg5 31.Rh7 Rxb2+ 32.Kxb2 Rg8 33.Rh5 Ke7 34.Rxg5 Kf7
35.Rh5 b4 36.cxb4 Rb8 37.Kc3 Rxb4 38.Rh1 Kg6 39.g3 d4+ 40.Kd3 Rb3+ 41.Ke4 
Kg5 42.Re1 Re3+ 43.Rxe3 dxe3 44.Kxe3 Kf5 45.f4 Kg4 46.Kd3 g6 47.Kc4 Kxg3 
48.f5 gxf5 49.Kxc5 f4 50.Kd6 f3 51.Kxe6 f2 52.Kd7 f1=Q 53.e6 Qb5+ 54.Kd8 
Qd5+ 55.Ke7 Kf4 56.Kf6 Qf5+ 57.Ke7 Ke5 0-1

[Event "Rewal 2011 - Open B"]
[Site "Rewal"]
[Date "2011.08.22"]
[Round "3.48"]
[White "Stezycka, Paulina"]
[Black "Duda, Ryszard"]
[Result "0-1"]
[WhiteElo "1558"]
[BlackElo "1760"]
[EventDate "2011.??.??"]
[PlyCount "80"]

1.e4 c5 2.g3 Nc6 3.Bg2 e6 4.Ne2 d5 5.exd5 exd5 6.Nbc3 d4 7.Nb5 a6 8.Na3 
Nf6 9.d3 Be7 10.O-O O-O 11.Nc4 Bd7 12.h3 Rc8 13.Nf4 b5 14.Nd2 Qc7 15.Ne4 
Qd8 16.Kh2 Ne5 17.Re1 Re8 18.Nxf6+ Bxf6 19.Bd2 Bc6 20.Bxc6 Rxc6 21.Nh5 
Rce6 22.Nf4 Rc6 23.Nh5 h6 24.Re4 Rce6 25.f4 Nd7 26.Qf3 g6 27.Nxf6+ Nxf6 
28.Rxe6 Rxe6 29.f5 gxf5 30.Bxh6 Qd5 31.Qxd5 Nxd5 32.c4 Re2+ 33.Kg1 Ne3 34.
cxb5 axb5 35.Bxe3 Rxe3 36.Rd1 Rxg3+ 37.Kh2 f4 38.Rg1 c4 39.Rxg3+ fxg3+ 40.
Kxg3 c3 0-1

[Event "Rewal 2011 - Open B"]
[Site "Rewal"]
[Date "2011.08.22"]
[Round "3.49"]
[White "Biszof, Henryk"]
[Black "Niewiarowski, Mieszko"]
[Result "1-0"]
[WhiteElo "1747"]
[BlackElo "1535"]
[EventDate "2011.??.??"]
[PlyCount "63"]

1.e4 c6 2.d4 d5 3.e5 Bf5 4.c4 e6 5.c5 Nd7 6.Nc3 b6 7.b4 a5 8.b5 cxb5 9.c6 
Nb8 10.Bxb5 Qc7 11.Qf3 Bb4 12.Ne2 Ne7 13.Bg5 Be4 14.Qg4 O-O 15.O-O Bf5 16.
Qf3 Nbxc6 17.Rac1 Qb7 18.Bxc6 Qxc6 19.Nb1 Qa4 20.a3 Bxb1 21.axb4 Be4 22.
Qg4 Qxb4 23.Rc7 Ng6 24.Rd1 Rfc8 25.Rxc8+ Rxc8 26.h4 Bf5 27.Qg3 Qa4 28.Re1 
b5 29.h5 Nf8 30.Bf6 g6 31.Qg5 Qb4 32.Qh6 1-0

[Event "Rewal 2011 - Open B"]
[Site "Rewal"]
[Date "2011.08.22"]
[Round "3.50"]
[White "Karpacz, Piotr"]
[Black "Jastrzebski, Konrad"]
[Result "1/2-1/2"]
[WhiteElo "1739"]
[BlackElo "1536"]
[EventDate "2011.??.??"]
[PlyCount "45"]

1.d4 d5 2.c4 c6 3.Nc3 Nf6 4.Bg5 Nbd7 5.e3 a6 6.Bd3 b5 7.cxb5 cxb5 8.Nge2 
e6 9.O-O Be7 10.a3 Bb7 11.Bf4 Nh5 12.Bg3 Nxg3 13.Nxg3 O-O 14.b4 Nb6 15.
Nge2 Nc4 16.Nc1 g6 17.Nb3 Qc7 18.Nc5 Rfd8 19.Qe2 Bc6 20.f4 a5 21.Bxc4 bxc4
22.Rab1 Bxc5 23.bxc5 1/2-1/2

[Event "Rewal 2011 - Open B"]
[Site "Rewal"]
[Date "2011.08.22"]
[Round "3.51"]
[White "Kowalski, Maciej"]
[Black "Lapa, Aleksandra"]
[Result "1-0"]
[WhiteElo "1720"]
[BlackElo "1458"]
[EventDate "2011.??.??"]
[PlyCount "111"]

1.f4 f5 2.Nf3 Nf6 3.g3 e6 4.Bg2 c5 5.O-O Be7 6.e3 Nc6 7.b3 O-O 8.Bb2 Rb8 
9.d3 b6 10.Nbd2 d6 11.a3 Qd7 12.Qe2 Bb7 13.Rfe1 Ne8 14.e4 fxe4 15.dxe4 Nc7
16.Rad1 d5 17.exd5 exd5 18.Ne5 Nxe5 19.Bxe5 Bd6 20.Nc4 Bxe5 21.Nxe5 Qd6 
22.Qg4 Rfe8 23.c4 Rbd8 24.Re2 Ba8 25.cxd5 Nb5 26.Nc4 Qf8 27.d6 Rxe2 28.
Qxe2 Nd4 29.Qh5 Bxg2 30.Kxg2 Nxb3 31.d7 Nd4 32.Ne5 g6 33.Qg4 Qf5 34.Qxf5 
gxf5 35.Kf2 Kg7 36.h3 Kf6 37.g4 h6 38.Rd2 Ke6 39.Ke3 fxg4 40.hxg4 Kd5 41.
Rh2 b5 42.Rh5 Ke6 43.Rxh6+ Kd5 44.Rh5 Ke6 45.Ke4 a5 46.Rh6+ Ke7 47.f5 b4 
48.axb4 axb4 49.g5 Rb8 50.Rh7+ Kd6 51.d8=Q+ Rxd8 52.Nf7+ Ke7 53.Nxd8+ Kxd8
54.g6 Nc6 55.g7 Ne7 56.f6 1-0

[Event "Rewal 2011 - Open B"]
[Site "Rewal"]
[Date "2011.08.22"]
[Round "3.52"]
[White "Zezulkin, Alina"]
[Black "Poswiatowski, Stanislaw"]
[Result "0-1"]
[WhiteElo "1583"]
[BlackElo "1718"]
[EventDate "2011.??.??"]
[PlyCount "80"]

1.e4 Nc6 2.Nf3 d6 3.d4 Bg4 4.Be3 e6 5.Nc3 d5 6.e5 Nge7 7.Bd3 Bf5 8.Be2 h6 
9.Qd2 a6 10.O-O Qd7 11.Nh4 Bh7 12.Bd3 Bxd3 13.Qxd3 O-O-O 14.a3 g5 15.Nf3 
Ng6 16.b4 g4 17.Nd2 Ngxe5 18.dxe5 d4 19.Bf4 dxc3 20.Qxc3 Nd4 21.Rfe1 Qc6 
22.Qxc6 Nxc6 23.c4 Bg7 24.Ra2 Rd4 25.Be3 Rd3 26.Bf4 Rhd8 27.b5 axb5 28.
cxb5 Na5 29.a4 Bf8 30.Rc2 Bb4 31.Rec1 Bxd2 32.Bxd2 Rxd2 33.Rxc7+ Kb8 34.
Kf1 Rd1+ 35.Rxd1 Rxd1+ 36.Ke2 Kxc7 37.Kxd1 Nc4 38.Kc2 Nxe5 39.Kc3 b6 40.
Kd4 f6 0-1

[Event "Rewal 2011 - Open B"]
[Site "Rewal"]
[Date "2011.08.22"]
[Round "3.53"]
[White "Skiba, Marta"]
[Black "Dobrzanska, Magdalena"]
[Result "1-0"]
[WhiteElo "1715"]
[BlackElo "1417"]
[EventDate "2011.??.??"]
[PlyCount "95"]

1.e4 d5 2.exd5 Qxd5 3.Nc3 Qd6 4.d4 Nf6 5.h3 Bf5 6.Nf3 Nbd7 7.Bc4 c6 8.O-O 
e6 9.Be3 O-O-O 10.Ne2 Be7 11.c3 Nb6 12.Bf4 Qd7 13.Ne5 Qe8 14.Qb3 Nxc4 15.
Qxc4 Nd5 16.Bh2 f6 17.Nf3 Bd6 18.b4 g5 19.Bxd6 Rxd6 20.Qc5 Qf8 21.Qxa7 Bd3
22.Rfe1 Bxe2 23.Rxe2 Nxc3 24.Rc2 Nb5 25.Qb6 Rd5 26.a4 Nd6 27.b5 Qd8 28.Qa7
Qc7 29.bxc6 bxc6 30.Qa8+ Qb8 31.Qxc6+ Kd8 32.Re1 Re8 33.Rxe6 Rxe6 34.Qxd5 
Qb1+ 35.Kh2 Qxc2 36.Qxe6 Ne4 37.Qg8+ Ke7 38.Qxh7+ Ke6 39.d5+ Kxd5 40.Qf7+ 
Kd6 41.Qf8+ Kd7 42.Qf7+ Kd6 43.Nd4 Qd3 44.Qe6+ Kc5 45.Nb3+ Kb4 46.f3 Nc3 
47.Qb6+ Kxa4 48.Nc5+ 1-0

[Event "Rewal 2011 - Open B"]
[Site "Rewal"]
[Date "2011.08.22"]
[Round "3.54"]
[White "Drela, Michal"]
[Black "Kiolbasa, Oliwia"]
[Result "1-0"]
[WhiteElo "1459"]
[BlackElo "1701"]
[EventDate "2011.??.??"]
[PlyCount "157"]

1.e4 c5 2.Nf3 e6 3.d4 cxd4 4.Nxd4 a6 5.Nc3 Qc7 6.Be3 Bb4 7.Bd2 Nf6 8.Bd3 
Bxc3 9.Bxc3 d5 10.exd5 Nxd5 11.Ne2 Nxc3 12.Nxc3 O-O 13.O-O Nc6 14.Re1 g6 
15.Qd2 b5 16.Qh6 f5 17.Rad1 Nb4 18.a3 Nxd3 19.Rxd3 Rd8 20.Rxd8+ Qxd8 21.
Rd1 Qc7 22.Re1 Qc6 23.Rd1 Bb7 24.Qg5 Kf7 25.f3 Re8 26.Kh1 a5 27.Qh4 h5 28.
Qd4 e5 29.Qd7+ Re7 30.Qd2 Kg7 31.Qd8 Qc7 32.Nxb5 Qxd8 33.Rxd8 e4 34.fxe4 
Bxe4 35.Nd4 Kf6 36.Kg1 Rb7 37.b3 a4 38.b4 Ke7 39.Rc8 Rd7 40.c3 Bb7 41.Rc5 
Rd5 42.Rc7+ Rd7 43.Rc5 Rd5 44.Rxd5 Bxd5 45.Kf2 f4 46.g3 fxg3+ 47.hxg3 g5 
48.Nf5+ Kf6 49.Ne3 Bb7 50.c4 Ke6 51.c5 Bc6 52.Nc4 h4 53.gxh4 gxh4 54.Na5 
Be4 55.Kg1 h3 56.Kh2 Bg2 57.Nc4 Bc6 58.Kxh3 Kd5 59.Na5 Bb5 60.Kg4 Be8 61.
Kf4 Bd7 62.Ke3 Bb5 63.Kd2 Bd7 64.Kc3 Bb5 65.Nb7 Bc6 66.Nd6 Bd7 67.Nc4 Bb5 
68.Nb6+ Kc6 69.Kd4 Kb7 70.Kd5 Be8 71.Kd6 Bb5 72.Nd5 Be8 73.Ne7 Bb5 74.c6+ 
Bxc6 75.Nxc6 Kb6 76.Nd4 Ka6 77.Kc7 Ka7 78.b5 Ka8 79.Ne6 1-0

[Event "Rewal 2011 - Open B"]
[Site "Rewal"]
[Date "2011.08.22"]
[Round "3.55"]
[White "Bzowski, Grzegorz"]
[Black "Bialowas, Inga"]
[Result "0-1"]
[WhiteElo "1717"]
[BlackElo "1590"]
[EventDate "2011.??.??"]
[PlyCount "54"]

1.g3 d5 2.Bg2 e5 3.d3 Be6 4.Nd2 Nd7 5.Ngf3 f5 6.h3 c6 7.O-O Bc5 8.b3 g5 9.
Bb2 Qf6 10.Qe1 Ne7 11.Rc1 f4 12.Kh1 h5 13.c4 Bd6 14.e4 d4 15.Rg1 g4 16.Nh4
O-O-O 17.a3 Rdg8 18.b4 Ng6 19.Nxg6 Rxg6 20.h4 Qd8 21.c5 Be7 22.b5 Bxh4 23.
bxc6 bxc6 24.Nb3 Bxb3 25.Qb4 Be6 26.gxf4 Bxf2 27.f5 Qh4+ 0-1

[Event "Rewal 2011 - Open B"]
[Site "Rewal"]
[Date "2011.08.22"]
[Round "3.56"]
[White "Mazur, Anna"]
[Black "Zhuk, Ivan"]
[Result "0-1"]
[WhiteElo "1666"]
[BlackElo "1584"]
[EventDate "2011.??.??"]
[PlyCount "86"]

1.e4 e6 2.d4 d5 3.exd5 exd5 4.Bd3 Bd6 5.c3 h6 6.Be3 Nf6 7.Nd2 c6 8.Qc2 O-O
9.Ngf3 Bg4 10.h3 Be6 11.Rg1 Nbd7 12.g4 Ne4 13.Nxe4 dxe4 14.Bxe4 Nf6 15.Bd3
Bd5 16.Ne5 Re8 17.Nc4 Bh2 18.O-O-O Bxg1 19.Rxg1 Bxc4 20.Bxc4 Nd5 21.Bxd5 
Qxd5 22.g5 h5 23.c4 Qd7 24.g6 f6 25.Qb3 a5 26.c5+ Kh8 27.Qd1 Qf5 28.Qb3 a4
29.Qf7 a3 30.Rg5 axb2+ 31.Kxb2 Rxa2+ 32.Qxa2 fxg5 33.Qf7 Qxf7 34.gxf7 Rf8 
35.Bxg5 Rxf7 36.f4 Kh7 37.Kc2 Kg6 38.Kd3 Kf5 39.h4 g6 40.Bh6 Re7 41.Bg5 
Re4 42.Bh6 Rxf4 43.Bxf4 Kxf4 0-1

[Event "Rewal 2011 - Open B"]
[Site "Rewal"]
[Date "2011.08.22"]
[Round "3.57"]
[White "Maczka, Miroslawa"]
[Black "Nowak, Kamil"]
[Result "1-0"]
[WhiteElo "1589"]
[BlackElo "1637"]
[EventDate "2011.??.??"]
[PlyCount "75"]

1.c4 c6 2.Nc3 d5 3.cxd5 cxd5 4.d4 Nf6 5.Bf4 Nc6 6.e3 Bf5 7.Nf3 a6 8.h3 e6 
9.Be2 Be7 10.O-O O-O 11.Rc1 Rc8 12.a3 b5 13.b4 Nd7 14.Qd2 Nb6 15.Rfd1 Nc4 
16.Qa2 Qb6 17.Nd2 a5 18.Nxc4 dxc4 19.bxa5 Nxa5 20.e4 Bg6 21.Rb1 Nb3 22.d5 
Bc5 23.Bg4 f5 24.exf5 exf5 25.Bf3 Ra8 26.d6 Rxa3 27.Bd5+ Kh8 28.Qe2 Re8 
29.Qf1 Rd8 30.Re1 Bxd6 31.Bxd6 Rxd6 32.Re2 b4 33.Qe1 h6 34.Re8+ Bxe8 35.
Qxe8+ Kh7 36.Bg8+ Kh8 37.Bf7+ Kh7 38.Qg8# 1-0

[Event "Rewal 2011 - Open B"]
[Site "Rewal"]
[Date "2011.08.22"]
[Round "3.58"]
[White "Krzeczowski, Tadeusz"]
[Black "Budnik, Kazimierz"]
[Result "1-0"]
[WhiteElo "1632"]
[BlackElo "1567"]
[EventDate "2011.??.??"]
[PlyCount "71"]

1.e4 c5 2.c3 e6 3.d4 cxd4 4.cxd4 Bb4+ 5.Bd2 Bxd2+ 6.Qxd2 Nf6 7.Nc3 d6 8.
Nf3 O-O 9.Be2 a6 10.O-O Nc6 11.Rac1 Re8 12.Rfd1 Qe7 13.a3 Na5 14.Qc2 Bd7 
15.b4 Nc6 16.Qd2 Rad8 17.e5 Nd5 18.Ne4 dxe5 19.dxe5 f6 20.Nd6 Rf8 21.Nxb7 
Rb8 22.exf6 Rxf6 23.Nc5 Rbf8 24.Nxe6 Bxe6 25.Rxc6 Nf4 26.Qe3 Qf7 27.Rxe6 
Nxe2+ 28.Qxe2 Rxe6 29.Qd2 h6 30.h3 Rfe8 31.Kf1 Qf6 32.Qd4 Re1+ 33.Nxe1 
Rxe1+ 34.Kxe1 Qe6+ 35.Kf1 Qb3 36.Qd5+ 1-0

[Event "Rewal 2011 - Open B"]
[Site "Rewal"]
[Date "2011.08.22"]
[Round "3.59"]
[White "¬, Jaroslaw"]
[Black "Zhuk, Dmitriy"]
[Result "0-1"]
[WhiteElo "1551"]
[BlackElo "1610"]
[EventDate "2011.??.??"]
[PlyCount "114"]

1.d4 Nf6 2.c4 g6 3.e3 Bg7 4.Nc3 d6 5.Bd3 O-O 6.Nf3 Bg4 7.h3 Bxf3 8.Qxf3 c6
9.Bc2 Na6 10.O-O Re8 11.Rd1 Nb4 12.Bb1 d5 13.a3 Na6 14.Bd3 Nc7 15.Rb1 e5 
16.dxe5 Rxe5 17.b3 Qd7 18.Bb2 Rae8 19.Ne2 R5e6 20.Nf4 R6e7 21.Nxd5 Nfxd5 
22.cxd5 cxd5 23.Bc4 Bxb2 24.Rxb2 Qd6 25.Rbd2 Qxa3 26.Bxd5 Nxd5 27.Qxd5 b6 
28.Qb5 Qc5 29.Qa4 Rc8 30.Qa1 Qe5 31.Rd8+ Rxd8 32.Rxd8+ Kg7 33.Qa3 Qc7 34.
Rd4 Rd7 35.Qa1 f6 36.g4 Rxd4 37.Qxd4 g5 38.Qa1 a5 39.Kf1 Qc6 40.Qd4 Qc1+ 
41.Kg2 Qc5 42.Kf3 Qxd4 43.exd4 Kf7 44.Ke3 Ke6 45.Ke4 b5 46.d5+ Kd6 47.Kd4 
a4 48.b4 a3 49.Kc3 a2 50.Kb2 a1=Q+ 51.Kxa1 Kxd5 52.Kb2 Kc4 53.Ka3 Kc3 54.
f4 gxf4 55.h4 f3 56.g5 fxg5 57.hxg5 f2 0-1

[Event "Rewal 2011 - Open B"]
[Site "Rewal"]
[Date "2011.08.23"]
[Round "4.1"]
[White "Zielinski, Wojciech"]
[Black "Musialkiewicz, Pawel"]
[Result "0-1"]
[WhiteElo "2097"]
[BlackElo "1961"]
[EventDate "2011.??.??"]
[PlyCount "92"]

1.b3 d5 2.Bb2 Nf6 3.e3 e6 4.Nf3 c5 5.c4 Be7 6.Be2 O-O 7.O-O Nc6 8.cxd5 
exd5 9.d4 b6 10.Nbd2 Bf5 11.a3 Qc8 12.Re1 a5 13.Nf1 Rd8 14.Ng3 Bg6 15.Ne5 
Nxe5 16.dxe5 Ne4 17.f4 Qc6 18.Rf1 Nxg3 19.hxg3 Be4 20.f5 Bg5 21.f6 Bxe3+ 
22.Kh2 d4 23.Bd3 Bxd3 24.Qxd3 Re8 25.Bc1 Rxe5 26.Bxe3 Rxe3 27.Qf5 Qxf6 28.
Qd5 Qh6+ 29.Kg1 Rf8 30.b4 Qe6 31.Qg5 h6 32.Qf4 Qe5 33.bxc5 bxc5 34.Qg4 
Rxg3 35.Qd7 Qe3+ 36.Kh2 Rg5 37.Rf3 Rh5+ 38.Kg3 Qe5+ 39.Kf2 Qe6 40.Qc7 Re5 
41.Qxa5 c4 42.Qb4 d3 43.a4 Re2+ 44.Kg1 Qe4 45.Rf2 Rxf2 46.Kxf2 Qd4+ 0-1

[Event "Rewal 2011 - Open B"]
[Site "Rewal"]
[Date "2011.08.23"]
[Round "4.2"]
[White "Sowa, Martyna"]
[Black "Gonsior, Monika"]
[Result "1/2-1/2"]
[WhiteElo "1720"]
[BlackElo "2059"]
[EventDate "2011.??.??"]
[PlyCount "67"]

1.c4 e5 2.e3 c5 3.Nc3 Nc6 4.a3 g6 5.g3 Bg7 6.Bg2 Nge7 7.Nd5 O-O 8.Ne2 d6 
9.d3 Rb8 10.Nec3 Be6 11.O-O Qd7 12.Qc2 Kh8 13.Re1 f5 14.f4 h6 15.Nxe7 Qxe7
16.Nd5 Qf7 17.Rb1 g5 18.b4 Qg6 19.b5 Nd8 20.Kh1 g4 21.e4 h5 22.exf5 Qxf5 
23.fxe5 dxe5 24.Be3 Bxd5 25.cxd5 b6 26.Rf1 Qd7 27.Rxf8+ Bxf8 28.Qf2 Bg7 
29.Rf1 Kg8 30.Be4 Nf7 31.a4 Nd6 32.Qd2 Rf8 33.Rxf8+ Bxf8 34.Qf2 1/2-1/2

[Event "Rewal 2011 - Open B"]
[Site "Rewal"]
[Date "2011.08.23"]
[Round "4.3"]
[White "Bokiej, Przemyslaw"]
[Black "Popiol, Michal"]
[Result "1-0"]
[WhiteElo "2097"]
[BlackElo "1821"]
[EventDate "2011.??.??"]
[PlyCount "44"]

1.e4 e6 2.d3 d5 3.Nd2 c5 4.Ngf3 Nc6 5.g3 g6 6.Bg2 Bg7 7.O-O Nge7 8.Re1 O-O
9.e5 Qc7 10.Qe2 Nf5 11.c3 b6 12.Nf1 Bb7 13.g4 Nfe7 14.Ng3 d4 15.c4 a6 16.
Bf4 b5 17.b3 bxc4 18.bxc4 a5 19.Qd2 Rfb8 20.Ne4 Nd8 21.Nf6+ Kh8 22.Bh6 
Nec6 1-0

[Event "Rewal 2011 - Open B"]
[Site "Rewal"]
[Date "2011.08.23"]
[Round "4.4"]
[White "Miechowicz, Witold"]
[Black "Lewtak, Damian"]
[Result "0-1"]
[WhiteElo "1916"]
[BlackElo "2093"]
[EventDate "2011.??.??"]
[PlyCount "158"]

1.e4 c5 2.Nf3 d6 3.c3 g6 4.Bc4 e6 5.Qe2 Bg7 6.d4 cxd4 7.cxd4 Ne7 8.Nc3 O-O
9.Bb3 b6 10.O-O Bb7 11.Re1 h6 12.Be3 d5 13.e5 Nbc6 14.Rad1 Rc8 15.Bc2 Qd7 
16.Nh4 Rfd8 17.f4 Nf5 18.Bf2 Qe7 19.Nf3 Qd7 20.Bb1 Na5 21.Bd3 Nc4 22.Rc1 
Bf8 23.g4 Ng7 24.a3 b5 25.Red1 a6 26.Be1 Bc6 27.Ra1 Ra8 28.Nb1 a5 29.b3 
Nb6 30.Nbd2 a4 31.b4 Nc4 32.Nf1 Be7 33.Ng3 Rab8 34.Bd2 Nb2 35.Rdc1 Nxd3 
36.Qxd3 Bb7 37.Rc2 Rbc8 38.Rac1 Rc4 39.Nf1 h5 40.h3 Rdc8 41.Ne3 Rxc2 42.
Rxc2 Rxc2 43.Qxc2 Qc6 44.Qd1 Kf8 45.Kg2 Ke8 46.Ne1 hxg4 47.hxg4 g5 48.Qf3 
f6 49.Nd3 Qc7 50.Kf2 gxf4 51.Qxf4 fxe5 52.Nxe5 Bd6 53.g5 Bxe5 54.dxe5 Qf7 
55.Nc2 Qxf4+ 56.Bxf4 Nf5 57.Be3 Kf7 58.Nd4 Nxd4 59.Bxd4 Kg6 60.Be3 Kf5 61.
Bd4 Kxg5 62.Ke3 Bc6 63.Bb2 Be8 64.Kd4 Bh5 65.Kc5 Bd1 66.Bc3 Kf5 67.Bd4 Bb3
68.Bc3 Kg4 69.Be1 Bc4 70.Bf2 Kf5 71.Bg3 Bb3 72.Bh2 Kg4 73.Bg1 Bc4 74.Bf2 
Kh3 75.Be1 Kg2 76.Bc3 Kf1 77.Kd6 Kf2 78.Bd4+ Kf3 79.Bc5 Ke4 0-1

[Event "Rewal 2011 - Open B"]
[Site "Rewal"]
[Date "2011.08.23"]
[Round "4.5"]
[White "Zurkowski, Andrzej"]
[Black "Szusterowski, Przemyslaw"]
[Result "1-0"]
[WhiteElo "2092"]
[BlackElo "1916"]
[EventDate "2011.??.??"]
[PlyCount "76"]

1.b3 d5 2.Bb2 c5 3.e3 Nc6 4.Bb5 Bd7 5.f4 Nf6 6.Nf3 e6 7.O-O Bd6 8.d3 O-O 
9.Nbd2 a6 10.Bxc6 Bxc6 11.Ne5 Rc8 12.Rf3 b5 13.Rg3 g6 14.Qe2 Re8 15.Ndf3 
Nh5 16.Rh3 f6 17.Ng4 d4 18.Nh6+ Kf8 19.g4 Ng7 20.exd4 Bxf4 21.Rf1 b4 22.
Ne5 g5 23.dxc5 Bb7 24.c4 bxc3 25.Bxc3 Qd5 26.c6 fxe5 27.Bb4+ Re7 28.cxb7 
Qxb7 29.Bxe7+ Kxe7 30.Rhf3 Rc5 31.h4 Rc7 32.R1f2 gxh4 33.Qe4 h3 34.Qxh7 
h2+ 35.Kh1 Kd6 36.Qe4 Bxh6 37.d4 exd4 38.Qxd4+ Kc6 1-0

[Event "Rewal 2011 - Open B"]
[Site "Rewal"]
[Date "2011.08.23"]
[Round "4.6"]
[White "Nikitin, Aleksander I"]
[Black "Blaszkiewicz, Mateusz"]
[Result "1-0"]
[WhiteElo "2081"]
[BlackElo "1871"]
[EventDate "2011.??.??"]
[PlyCount "95"]

1.d4 Nf6 2.Nf3 c5 3.e3 d5 4.c3 Nc6 5.Bd3 Bg4 6.Nbd2 e6 7.Qa4 c4 8.Bb1 Bd6 
9.b3 cxb3 10.axb3 Qc7 11.Ba3 O-O 12.O-O Bxa3 13.Qxa3 Ne7 14.Rc1 Ng6 15.h3 
Bxf3 16.Nxf3 Ne4 17.c4 Rfc8 18.Bd3 Qd7 19.Rc2 a6 20.c5 f5 21.g3 Qc7 22.Kg2
Rf8 23.b4 h5 24.h4 f4 25.Bxe4 dxe4 26.Ng5 f3+ 27.Kh2 Qe7 28.b5 Rf5 29.c6 
Rxb5 30.c7 Rc8 31.Qxe7 Nxe7 32.Nxe4 Rb6 33.Ng5 Nd5 34.Rac1 Kf8 35.Nxf3 Ke7
36.Ne5 Rb3 37.e4 Nb4 38.Rd2 b5 39.d5 exd5 40.exd5 Kd6 41.Nf7+ Kd7 42.d6 
Nd3 43.Rcd1 Rf8 44.Rxd3 Rxd3 45.Ne5+ Kxd6 46.Rxd3+ Kxc7 47.f4 Kb6 48.Nd7+ 
1-0

[Event "Rewal 2011 - Open B"]
[Site "Rewal"]
[Date "2011.08.23"]
[Round "4.7"]
[White "Nowak, Ryszard"]
[Black "Wielek, Thomas"]
[Result "1-0"]
[WhiteElo "2055"]
[BlackElo "1787"]
[EventDate "2011.??.??"]
[PlyCount "75"]

1.c4 c5 2.Nf3 Nf6 3.Nc3 Nc6 4.d4 cxd4 5.Nxd4 g6 6.g3 Bg7 7.Bg2 O-O 8.O-O 
a6 9.b3 Qc7 10.Bb2 d6 11.Rc1 Nxd4 12.Qxd4 e5 13.Qd2 Be6 14.Rfd1 Rfd8 15.
Ba3 Bf8 16.Nd5 Bxd5 17.cxd5 Qb6 18.Rc4 Rac8 19.Rdc1 Rxc4 20.Rxc4 Rd7 21.
Bb4 Qd8 22.Bh3 Re7 23.Ba5 Qb8 24.Bb6 Re8 25.e4 h5 26.Kg2 Be7 27.Qb4 Ng4 
28.Bxg4 hxg4 29.Bc7 a5 30.Qb6 Bd8 31.Qxd6 Bxc7 32.Rxc7 Qa7 33.Qd7 Rf8 34.
Rxb7 Qd4 35.Qxg4 Kg7 36.h4 Rc8 37.h5 Rh8 38.Qxg6+ 1-0